000 00700nam a22002297a 4500
003 OSt
005 20250722144500.0
008 250722b |||||||| |||| 00| 0 eng d
020 _a9788956601090
040 _aEASL
_beng
_cEASL
041 _aeng
_2eng
084 _aO495,3 P5
_qEASL
245 _aKorea Bug:
_bThe Best of the Zine that Infected a Nation/
260 _aSeoul :
_bEunhaeng Namu ,
_c2005
300 _a374p.
650 _aKorean English Language
_9816284
650 _aKorea Bug - Traditions
_9816285
650 _aKorea Bug - Arts
_9816286
700 _aJ. Scott Burgeson
_9816287
942 _cTEXL
_hO495,3 P5
_2CC
_n0
999 _c1434173
_d1434173